Venezia, Shlomo. Meine Arbeit im Sonderkommando Auschwitz. - München : Blessing. - 2008 [Rezension]

Titel: Venezia, Shlomo. Meine Arbeit im Sonderkommando Auschwitz. - München : Blessing. - 2008 [Rezension]
Verfasser:
In: Damals, Band 40, Heft 7 (2008), Seite 61-62
alle Artikel anzeigen
Veröffentlicht: 2008
Format: Aufsatz
Sprache: Deutsch
Kein Bild verfügbar
X
alg: 39499077
001A    $01999:12-11-16 
001B    $01999:04-08-21 $t21:01:25.000 
001D    $01999:12-11-16 
001U    $0utf8 
001X    $00 
002@    $0Aox 
003@    $0394990773 
007A    $0394990773 $aHEB 
007T    $0Herdc0062413m 
010@    $ager 
011@    $a2008 
021A    $aVenezia, Shlomo. Meine Arbeit im Sonderkommando Auschwitz. - München : Blessing. -  2008 [Rezension] 
028A    $aMeyer $dBeate 
031A    $d40 $e7 $h61-62 $j2008 
039B    $aIn $8--Abvc--. Damals. - Leinfelden-Echterdingen : Konradin, 1969-. - ISSN 0011-5908 $x200800000400007939 $9047713682 
039T    $8--Aau--Venezia, Shlomo$Z1923-2012 [Tp1]. Meine Arbeit im Sonderkommando Auschwitz. - 2. Aufl.. - München : Blessing, 2008. - 271 S.. - Ill.. - ISBN 978-3-89667-365-7 $9205818927 
045F    $a900.9438 $eDDC23BSB 
045F/01 $a900 
045F/03 $g438 
045T    $a8 

lok: 39499077 78

exp: 39499077 78 1 #EPN
201B/01 $018-11-16 $t13:21:48.000 
201U/01 $0utf8 
203@/01 $0791289389 
208@/01 $a12-11-16 $be 
209A/01 $a/ $f000 $x00 
220C/01 $aTitelaufnehmer: pg 
220C/01 $aHerkunft: HI Marburg 
244Z/01 $2Trx $#Poola $#Lenkija $#Polija $#Polen Land $#Poland $#Lengyelország $#Poľsko $#Polsko $8--Trx--Polska$gkraj $x01 $9391345966 
244Z/01 $2Trx $#arvustused $#recenzijos $#Reviews $#recenziók $#recenzje $#recenzie $#recenze $8--Trx--Rezensionen $x02 $9391357441 
247C/01 $82080>Marburg/Lahn, Herder-Institut, Forschungsbibliothek, Bibliographieportal $9336309341
LEADER 00000caa a22000002c 4500
001 394990773
003 DE-603
005 20210804210125.0
007 tu
008 161112s2008 xx |||| | u00||u|ger c
035 |a (DE-599)HEB394990773 
040 |a DE-603  |b ger  |c DE-603  |d DE-603 
041 |a ger 
082 0 4 |8 1\u  |a 900.9438  |q DE-101  |2 23/BSB 
084 |a 8  |2 ssgn 
085 |8 1\u  |b 900 
085 |8 1\u  |z 2  |s 438 
100 1 |a Meyer, Beate 
245 0 0 |a Venezia, Shlomo. Meine Arbeit im Sonderkommando Auschwitz. - München : Blessing. - 2008 [Rezension] 
264 0 |c 2008 
773 0 8 |i In  |t Damals  |d Leinfelden-Echterdingen : Konradin, 1969-  |h 28 cm  |x 0011-5908  |g Band 40, Heft 7 (2008), Seite 61-62  |w (DE-603)047713682  |w (DE-600)512126-7 
787 0 8 |i Rezension von  |a Venezia, Shlomo, 1923-2012  |t Meine Arbeit im Sonderkommando Auschwitz  |b 2. Aufl.  |d München : Blessing, 2008  |h 271 S., Ill.  |z 3896673653  |z 9783896673657  |w (DE-603)205818927 
924 0 |9 2080  |a (DE-603)791289389  |b DE-2080  |c HES  |d d  |g /